[Event "Druzynowe Mistrzostwa Polski - II liga"]
[Site "Dom Wczasowy VIS Jastrzebia Gora"]
[Date "1899-12-30"]
[Round "5.109"]
[White "Stanisz, Patryk"]
[Black "Sopur, Lech"]
[Result "0-1"]
[WhiteTitle "CM"]
[BlackTitle "m"]
[WhiteElo "2199"]
[BlackElo "2411"]

1. d4 Nf6 2. c4 e6 3. g3 c5 4. Nf3 cxd4 5. Nxd4 Nc6 6. Bg2 Qb6 7. Nb5 Ne5 8. b3
a6 9. Be3 Qa5+ 10. Bd2 Qd8 11. N5c3 Be7 12. O-O O-O 13. Bf4 Qc7 14. Qd4 d6 15.
c5 Nfd7 16. cxd6 Qxd6 17. Qxd6 Bxd6 18. Na4 Rb8 19. Rd1 Be7 20. Nbc3 b5 21. Rxd7
Nxd7 22. Bxb8 Nxb8 23. Nb6 Nd7 24. Nxd7 Bxd7 25. Rd1 Bc8 26. Bc6 f5 27. e3 Bf6
28. Ne2 Kf7 29. e4 g6 30. exf5 gxf5 31. f4 Ke7 32. Kf2 Rd8 33. Rxd8 Kxd8 34. Ke3
Kc7 35. Bf3 Kd6 36. b4 e5 37. fxe5+ Kxe5 38. Kd3 Be6 39. Nc1 Be7 40. Kc3 Kd6 41.
a3 Bf6+ 42. Kc2 Bd4 43. Ne2 Be3 44. Kd3 Bg5 45. Nd4 Bd7 46. Kc2 Bc8 47. Ne2 Ke5
48. Bc6 Be7 49. Kc3 h5 50. h4 Be6 51. Be8 Bf6 52. Bxh5 Ke4+ 53. Kc2 Bd7 54. Nc3+
Kd4 55. Bg6 Be5 56. h5 Bg7 57. Bf7 Ke3 58. Bd5 Bc8 59. Nd1+ Ke2 60. Bc6 Bh6 61.
Bd5 Ke1 62. Bf3 Be6 63. Bb7 f4 64. gxf4 Bf5+ 65. Kb3 Kxd1 66. Bxa6 Bc2+ 67. Ka2
Ba4 68. Bxb5 Bxb5 69. Kb3 Bd3 70. a4 Bc2+ 71. Ka3 Kc1 72. a5 Kb1 73. a6 Bxf4 74.
b5 Bd6# 0-1

[Event "Druzynowe Mistrzostwa Polski - II liga"]
[Site "Dom Wczasowy VIS Jastrzebia Gora"]
[Date "1899-12-30"]
[Round "5.110"]
[White "Miturova, Magdalena"]
[Black "Szmyd, Arkadiusz"]
[Result "1/2-1/2"]
[WhiteTitle "WIM"]
[BlackTitle "k"]
[WhiteElo "2219"]
[BlackElo "2073"]

1. e4 e5 2. Nf3 Nf6 3. Nc3 Nc6 4. d4 exd4 5. Nxd4 Bb4 6. Nxc6 bxc6 7. Bd3 O-O 8.
O-O d5 9. exd5 cxd5 10. h3 c6 11. Qf3 Re8 12. Ne2 Ne4 13. a3 Bd6 14. c4 Qf6 15.
Qxf6 Nxf6 16. cxd5 cxd5 17. Be3 a5 18. Rfd1 Be5 19. Rab1 Be6 20. Nd4 Rec8 21.
b4 axb4 22. axb4 Ra3 23. b5 Nd7 24. Bf1 Nb8 25. Rdc1 Rac3 26. Rxc3 Rxc3 27. Ra1
Rc8 28. b6 Bd7 29. Ra5 Be6 30. Ra8 Kf8 31. f4 Bd6 32. Nb5 Ke7 33. Nxd6 Kxd6 34.
f5 Bxf5 35. b7 Re8 36. Bf4+ Kc6 37. Rxb8 Rxb8 38. Bxb8 Kxb7 39. Be5 f6 40. Bd4
Kc6 41. Kf2 Kd6 42. Ke3 Be4 43. g4 Ke6 44. Bd3 Bxd3 45. Kxd3 g5 46. Ke3 Kf7 47.
Kf3 1/2-1/2

[Event "Druzynowe Mistrzostwa Polski - II liga"]
[Site "Dom Wczasowy VIS Jastrzebia Gora"]
[Date "1899-12-30"]
[Round "5.111"]
[White "Kaminski, Piotr"]
[Black "Strejczek, Marek"]
[Result "1/2-1/2"]
[WhiteTitle "k"]
[BlackTitle "k"]
[WhiteElo "2037"]
[BlackElo "2138"]

1. d4 Nf6 2. c4 e6 3. g3 d5 4. Nf3 Be7 5. Bg2 O-O 6. Qc2 b6 7. O-O Bb7 8. Ne5 Nfd7
9. cxd5 exd5 10. Nc3 c6 11. e4 Nxe5 12. dxe5 d4 13. Rd1 c5 14. Nd5 Na6 15. f4
Nc7 16. Nxc7 Qxc7 17. Rxd4 Rfc8 18. Rd1 c4 19. Be3 b5 20. Rac1 Bc5 21. Bxc5 Qxc5+
22. Qf2 Kf8 23. Rd7 Qxf2+ 24. Kxf2 Bc6 25. Rd6 Be8 26. e6 Ke7 27. e5 Rab8 28.
exf7 Bxf7 29. Be4 h6 30. a3 b4 31. axb4 Rxb4 32. Rc2 Rcb8 33. Ke3 Rxb2 34. Kd4
1/2-1/2

[Event "Druzynowe Mistrzostwa Polski - II liga"]
[Site "Dom Wczasowy VIS Jastrzebia Gora"]
[Date "1899-12-30"]
[Round "5.112"]
[White "Flis, Pawel"]
[Black "Zawierucha, Aleksander"]
[Result "1/2-1/2"]
[WhiteTitle "CM"]
[BlackTitle "k"]
[WhiteElo "1936"]
[BlackElo "1946"]

1. e4 e6 2. d4 d5 3. Nd2 Nf6 4. Bd3 c5 5. e5 Nfd7 6. c3 Nc6 7. Ne2 cxd4 8. cxd4
f6 9. exf6 Nxf6 10. O-O Bd6 11. Nf3 Qc7 12. Nc3 a6 13. Bg5 O-O 14. Rc1 Qf7 15.
Bh4 Qh5 16. h3 Nxd4 17. Nxd4 Qxh4 18. Be2 Ne4 19. Nxe4 Qxe4 20. Bf3 Qf4 21. g3
Qh6 22. Bg4 Bd7 23. Re1 Rf6 24. Rc2 Raf8 25. Rce2 Bc5 26. Kg2 e5 27. Nf5 Bxf5
28. Qxd5+ Kh8 29. Qxc5 Bxg4 30. hxg4 Qg5 31. Qc4 h6 32. Qe4 b5 33. Rf1 Rd8 34.
Rh1 Rd4 35. Qa8+ Kh7 36. Rh5 Qxg4 37. Rhxe5 Qd7 1/2-1/2

[Event "Druzynowe Mistrzostwa Polski - II liga"]
[Site "Dom Wczasowy VIS Jastrzebia Gora"]
[Date "1899-12-30"]
[Round "5.113"]
[White "Boruta, Dawid"]
[Black "Strzelecki, Jerzy"]
[Result "1/2-1/2"]
[WhiteTitle "I"]
[BlackTitle "k"]
[WhiteElo "1912"]
[BlackElo "1863"]

1. f4 d5 2. Nf3 Nf6 3. g3 g6 4. Bg2 Bg7 5. O-O O-O 6. d3 Nc6 7. c3 Qd6 8. Kh1 Bg4
9. Nbd2 e5 10. h3 Be6 11. e3 Rfe8 12. d4 exf4 13. exf4 Nh5 14. Kh2 Bh6 15. Ne5
f6 16. Nxc6 bxc6 17. Rf3 Re7 18. Nf1 Bf7 19. Be3 f5 20. Qd3 Nf6 21. Nd2 Be6 22.
Rff1 Ne4 23. Bxe4 fxe4 24. Qe2 a5 25. Nb3 Bg7 26. Nc5 Rf7 27. a3 h5 28. Kg2 Bc8
29. b4 a4 30. Rf2 Qf6 31. Kh2 Qf5 32. Qf1 Bf8 33. Re1 Bd6 34. Qg2 Rh7 35. h4 Qf8
36. Qf1 Qf5 37. Qg2 Rf7 38. Qf1 Rf8 39. Qg2 Qf7 40. Qf1 Qf5 41. Qg2 Be7 42. Qf1
Kh7 43. Qg2 1/2-1/2

[Event "Druzynowe Mistrzostwa Polski - II liga"]
[Site "Dom Wczasowy VIS Jastrzebia Gora"]
[Date "1899-12-30"]
[Round "5.114"]
[White "Posuniak, Weronika"]
[Black "Gonsior, Monika"]
[Result "1-0"]
[WhiteTitle "k"]
[BlackTitle "m"]
[WhiteElo "1887"]
[BlackElo "1941"]

1. d4 Nf6 2. c4 e6 3. e3 b6 4. Be2 Bb7 5. Bf3 d5 6. Nc3 Bd6 7. Qc2 O-O 8. Bd2 Nc6
9. Nb5 Be7 10. Ne2 a6 11. cxd5 exd5 12. Nbc3 Na5 13. O-O Nc4 14. Nf4 b5 15. Rad1
Qd7 16. Bc1 Nb6 17. e4 c6 18. e5 Ne8 19. Rd3 a5 20. Re1 Nc7 21. Bh5 Ne6 22. Rh3
Ng5 23. Rg3 b4 24. Nd1 f5 25. e6 Qd8 26. Ne3 g6 27. Bxg6 hxg6 28. Nxg6 f4 29.
Nxe7+ Qxe7 30. Qg6+ Qg7 31. Rxg5 Qxg6 32. Rxg6+ Kh7 33. Rg4 f3 34. g3 Rae8 35.
Nc2 Rf5 36. Rg5 Rf6 37. e7 Nc4 38. b3 Nd6 39. a3 Ne4 40. Re5 Ba6 41. axb4 Bd3
42. Ne3 axb4 43. g4 Nc3 44. Bd2 Ne2+ 45. Kh1 Rh6 46. Nf5 Rg6 47. h3 Bxf5 48. Rxf5
Rxe7 49. Rxf3 Rge6 50. Bxb4 Nxd4 51. Rxe6 Rxe6 52. Rd3 Re4 53. Bd6 Kg6 54. f3
Re1+ 55. Kg2 Nb5 56. Bc5 Nc7 57. f4 Re2+ 58. Kg3 Re4 59. h4 1-0

[Event "Druzynowe Mistrzostwa Polski - II liga"]
[Site "Dom Wczasowy VIS Jastrzebia Gora"]
[Date "1899-12-30"]
[Round "5.115"]
[White "Krol, Rafal"]
[Black "Maj, Pawel"]
[Result "0-1"]
[WhiteTitle "I++"]
[BlackTitle "k"]
[WhiteElo "2003"]
[BlackElo "2188"]

1. d4 Nf6 2. c4 e6 3. Nf3 b6 4. g3 Ba6 5. Qc2 d5 6. cxd5 exd5 7. Bg2 Bd6 8. O-O
O-O 9. Nc3 Re8 10. Bg5 c6 11. Rfe1 Be7 12. e4 Bb7 13. e5 Nfd7 14. Bxe7 Qxe7 15.
Nd1 f6 16. Ne3 fxe5 17. dxe5 Nxe5 18. Nxe5 Qxe5 19. Qd2 Qg5 20. h4 Qd8 21. Nf5
Rf8 22. Nd4 Rf6 23. Re2 Na6 24. Ne6 Qd6 25. Rae1 Re8 26. Bh3 c5 27. Ng5 Rxe2 28.
Qxe2 Nc7 29. Qh5 h6 30. Be6+ Nxe6 31. Rxe6 Qxe6 32. Nxe6 Rxe6 33. Qf5 Re7 34.
f4 d4 35. Kf2 Be4 36. Qc8+ Kf7 37. g4 Bb7 38. Qf5+ Ke8 39. g5 hxg5 40. hxg5 Ba6
41. Qg6+ Kd8 42. Qd6+ Rd7 43. Qb8+ Bc8 44. Ke2 g6 45. Kd2 Rc7 46. Qa8 Rb7 47.
b3 Kc7 48. Ke2 a5 49. Kd2 Bf5 50. Qe8 Rb8 51. Qe7+ Kc6 52. Qf6+ Kb5 53. Qf7 Ka6
54. Qc4+ Ka7 55. Qf7+ Rb7 56. Qf6 d3 57. a3 Rh7 58. b4 Rh2+ 59. Ke3 Re2+ 60. Kf3
Be4+ 61. Kg3 cxb4 62. axb4 d2 63. bxa5 d1=Q 64. Qxb6+ Ka8 0-1

[Event "Druzynowe Mistrzostwa Polski - II liga"]
[Site "Dom Wczasowy VIS Jastrzebia Gora"]
[Date "1899-12-30"]
[Round "5.116"]
[White "Grzelak, Artur"]
[Black "Gondzik, Dawid"]
[Result "1/2-1/2"]
[WhiteTitle "m"]
[BlackTitle "k"]
[WhiteElo "2103"]
[BlackElo "2040"]

1. d4 Nf6 2. Nf3 e6 3. Bf4 c5 4. e3 b6 5. Nbd2 Bb7 6. Bd3 Be7 7. c3 cxd4 8. exd4
O-O 9. Qe2 d6 10. O-O Nbd7 11. h3 Re8 12. Rfe1 a6 13. a4 Nd5 14. Bh2 N7f6 15.
Ng5 Qd7 16. Nc4 Bc6 17. Qc2 g6 18. Ne4 Nxe4 19. Bxe4 Qc7 20. a5 b5 21. Nd2 Rac8
22. Qd3 Nf6 23. Bxc6 Qxc6 24. Bf4 Nd5 25. Qg3 Nxf4 26. Qxf4 d5 27. Nf3 Bd6 28.
Qf6 Be7 29. Qf4 Bd6 30. Qf6 Be7 31. Qf4 Bd6 32. Qf6 1/2-1/2

[Event "Druzynowe Mistrzostwa Polski - II liga"]
[Site "Dom Wczasowy VIS Jastrzebia Gora"]
[Date "1899-12-30"]
[Round "5.117"]
[White "Lizak, Sebastian"]
[Black "Sielicki, Tomasz"]
[Result "1/2-1/2"]
[WhiteTitle "I"]
[BlackTitle "I++"]
[WhiteElo "1907"]
[BlackElo "1965"]

1. c4 e5 2. e4 Nc6 3. Nf3 Bc5 4. a3 d6 5. d3 a5 6. Be2 f5 7. Nc3 Nf6 8. exf5 Bxf5
9. O-O O-O 10. Be3 Bxe3 11. fxe3 Qd7 12. d4 Ng4 13. Qd2 exd4 14. exd4 Rae8 1/2-1/2

[Event "Druzynowe Mistrzostwa Polski - II liga"]
[Site "Dom Wczasowy VIS Jastrzebia Gora"]
[Date "1899-12-30"]
[Round "5.118"]
[White "Koziol, Pawel"]
[Black "Dzierzak, Boguslaw"]
[Result "0-1"]
[WhiteTitle "I++"]
[BlackTitle "k"]
[WhiteElo "1732"]
[BlackElo "1958"]

1. e4 c5 2. Nf3 e6 3. d3 d5 4. Nbd2 Nf6 5. g3 Nc6 6. Bg2 Be7 7. O-O Qc7 8. Qe2
dxe4 9. Nxe4 O-O 10. c3 h6 11. Re1 e5 12. Ned2 Bd6 13. Nc4 Re8 14. Nh4 Bg4 15.
Qc2 Rad8 16. Ne3 Be6 17. Bd2 Bf8 18. Rad1 g6 19. Bc1 Bg7 20. b3 Kh7 21. a4 Na5
22. Nc4 Bd5 23. Nxa5 Qxa5 24. Bb2 Bxg2 25. Nxg2 Nd5 26. Ne3 f5 27. Nxd5 Rxd5 28.
Re3 Qd8 29. Rde1 e4 30. dxe4 Rd2 31. Qb1 Rxe4 32. Rxe4 fxe4 33. Bc1 Rd1 34. Qxe4
Bxc3 35. Qxb7+ Rd7 0-1

[Event "Druzynowe Mistrzostwa Polski - II liga"]
[Site "Dom Wczasowy VIS Jastrzebia Gora"]
[Date "1899-12-30"]
[Round "5.119"]
[White "Kalkowski, Igor"]
[Black "Mazurek, Jerzy"]
[Result "1-0"]
[WhiteTitle "I++"]
[BlackTitle "I+"]
[WhiteElo "1893"]
[BlackElo "1726"]

1. e4 c5 2. Nf3 Nc6 3. b4 cxb4 4. d4 d5 5. exd5 Qxd5 6. c4 bxc3 7. Nxc3 Qa5 8.
Bd2 e6 9. Rb1 Nf6 10. Bb5 Qc7 11. O-O Be7 12. Ne5 O-O 13. Bxc6 bxc6 14. Qa4 Bd7
15. Ne2 c5 16. Nxd7 Qxd7 17. Qxd7 Nxd7 18. Rb7 Rfd8 19. Ba5 cxd4 20. Bxd8 Rxd8
21. Nxd4 Bc5 22. Nc6 Rc8 23. Nxa7 Bxa7 24. Rxa7 Nb6 25. g3 Nd5 26. Rb1 1-0

[Event "Druzynowe Mistrzostwa Polski - II liga"]
[Site "Dom Wczasowy VIS Jastrzebia Gora"]
[Date "1899-12-30"]
[Round "5.120"]
[White "Baranska, Monika"]
[Black "Juchniewicz-jasek, Joanna"]
[Result "1-0"]
[WhiteTitle "I++"]
[BlackTitle "II"]
[WhiteElo "1763"]
[BlackElo "1281"]

1. d4 d5 2. c4 c6 3. e3 Nf6 4. Nc3 e6 5. Nf3 Bb4 6. Bd2 O-O 7. Bd3 dxc4 8. Bxc4
b5 9. Be2 Bb7 10. O-O Nbd7 11. Rc1 a5 12. a4 Bxc3 13. Bxc3 b4 14. Bd2 Qe7 15.
Re1 Rfc8 16. Bd3 c5 17. e4 h6 18. e5 Nd5 19. Qe2 N5b6 20. b3 cxd4 21. Nxd4 Qh4
22. Nf3 Qg4 23. h3 Bxf3 24. hxg4 Bxe2 25. Rxe2 Rxc1+ 26. Bxc1 Rc8 27. Bb2 Nd5
28. Bc4 N7b6 29. Ba6 Rc7 30. Bd4 Rc1+ 31. Kh2 Rc7 32. g3 Nd7 33. Bc4 N7b6 34.
Bb5 Rc1 35. Rd2 Nc8 36. Bc4 Nce7 37. Bc5 g6 38. Bxe7 Nxe7 39. Rd6 Re1 40. f4 Rc1
41. Ra6 h5 42. gxh5 gxh5 43. Rxa5 Rc2+ 44. Kg1 Nf5 45. Ra8+ Kg7 46. Ra7 Kf8 47.
Bd3 Rc3 48. Bxf5 exf5 49. Kg2 Rxb3 50. Rb7 Rb2+ 51. Kh3 b3 52. a5 Ra2 53. Rxb3
Rxa5 54. Rb6 Kg7 55. Rf6 Ra1 56. Rxf5 Kg6 57. Rg5+ Kh6 58. Rf5 Kg6 59. Rf6+ Kg7
60. Kg2 Ra2+ 61. Kf3 Ra3+ 62. Kg2 Ra2+ 63. Kh3 Ra1 64. Rf5 Kg6 65. Rg5+ Kh6 66.
Kg2 Ra4 67. Kf3 Ra3+ 68. Ke4 Ra6 69. Kf5 Rc6 70. Ke4 Ra6 71. Rf5 Kg6 72. Rg5+
Kh6 73. Kd5 Rb6 74. Rg8 Rg6 75. Rxg6+ Kxg6 76. Ke4 Kh7 1-0

[Event "Druzynowe Mistrzostwa Polski - II liga"]
[Site "Dom Wczasowy VIS Jastrzebia Gora"]
[Date "1899-12-30"]
[Round "5.122"]
[White "Miszczak, Dariusz"]
[Black "Krzewski, Dariusz"]
[Result "0-1"]
[WhiteTitle "I+"]
[BlackTitle "k"]
[WhiteElo "1998"]
[BlackElo "2057"]

1. e4 e6 2. d4 d5 3. Nd2 Nf6 4. Bd3 dxe4 5. Nxe4 Nbd7 6. Nxf6+ Nxf6 7. Nf3 Be7
8. h3 O-O 9. Bg5 c5 10. dxc5 Qa5+ 11. c3 Qxc5 12. Qc2 h6 13. h4 b6 14. O-O-O Bb7
15. Kb1 Rfe8 16. Be3 Qc7 17. Qd2 Ng4 18. Bf4 e5 19. Bg3 Rad8 20. Qe2 Bd6 21. Nd2
e4 22. Bb5 Bxg3 23. Qxg4 Bxf2 24. Bxe8 Rxe8 25. Qe2 Qg3 26. Nf1 Qxg2 27. Rh2 Qg6
28. Rxf2 e3+ 29. Kc1 Ba6 30. Qxa6 exf2 31. Qd3 Qf6 32. Qd4 Qf5 33. Nd2 Re1 34.
Qd8+ Kh7 35. Nf1 Qh3 36. Nd2 f1=Q 37. Nxf1 Qxf1 38. Rxe1 Qxe1+ 39. Kc2 Qe4+ 40.
Kb3 b5 41. a3 f5 42. Qd7 a6 43. Qc8 Qa4+ 44. Ka2 Qc4+ 45. Qxc4 bxc4 46. b4 f4
47. h5 0-1

[Event "Druzynowe Mistrzostwa Polski - II liga"]
[Site "Dom Wczasowy VIS Jastrzebia Gora"]
[Date "1899-12-30"]
[Round "5.123"]
[White "Kitewski, Bartosz"]
[Black "Spyra, Piotr"]
[Result "1-0"]
[WhiteTitle "I++"]
[BlackTitle "I"]
[WhiteElo "1993"]
[BlackElo "1901"]

1. d4 Nf6 2. c4 g6 3. Nc3 d5 4. Bg5 Ne4 5. Bh4 Nxc3 6. bxc3 dxc4 7. Qa4+ Qd7 8.
Qxc4 b6 9. Nf3 Ba6 10. Qb3 Bg7 11. e3 Bxf1 12. Kxf1 O-O 13. Ke2 c5 14. dxc5 Nc6
15. Rad1 Qg4 16. h3 Qe4 17. cxb6 axb6 18. Rd2 e6 19. Rc1 Rfc8 20. c4 Na5 21. Qd3
Rxc4 22. Rxc4 Qxc4 23. Qxc4 Nxc4 24. Rd8+ Rxd8 25. Bxd8 Kf8 26. Kd3 Ke8 27. Kxc4
Kxd8 28. Kb5 Kc7 29. Ng5 Bf6 30. Nxf7 h5 31. g4 Bh4 32. f3 Bf2 33. e4 Bd4 34.
e5 Kd7 35. Nd6 Bxe5 36. Nc4 Bd4 37. Nxb6+ Kd6 38. a4 Bc3 39. Nc8+ Kd5 40. Ne7+
Ke5 41. Nxg6+ Kf6 42. Nf4 hxg4 43. hxg4 Bd2 44. Ne2 e5 45. a5 Kg5 46. a6 Be3 47.
Kc6 e4 48. fxe4 Kxg4 49. Nc3 Bf2 50. Nd5 Ba7 51. Kb7 1-0

[Event "Druzynowe Mistrzostwa Polski - II liga"]
[Site "Dom Wczasowy VIS Jastrzebia Gora"]
[Date "1899-12-30"]
[Round "5.124"]
[White "Malik, Maciej"]
[Black "Kaznowska, Weronika"]
[Result "1/2-1/2"]
[WhiteTitle "I++"]
[BlackTitle "I++"]
[WhiteElo "1961"]
[BlackElo "1535"]

1. d4 f5 2. Bg5 g6 3. Nc3 Bg7 4. h4 h6 5. Bf4 Nf6 6. e3 d6 7. Bd3 e6 8. Qd2 Qe7
9. Bg3 Bd7 10. Nge2 e5 11. dxe5 dxe5 12. Bc4 Nc6 13. Nd5 Nxd5 14. Qxd5 O-O-O 15.
Qf7 Rhf8 16. Qxe7 Nxe7 17. O-O-O Bc6 18. Rxd8+ Rxd8 19. f3 b5 20. Be6+ Kb7 21.
Rd1 Rxd1+ 22. Kxd1 e4 23. fxe4 Bxe4 24. Nd4 Bxd4 25. exd4 Bxg2 26. Bf4 Nc6 27.
c3 Nd8 28. Bg8 g5 29. hxg5 hxg5 30. Bxg5 Kc8 31. Kd2 Be4 32. Ke3 Kd7 33. d5 c6
34. Bxd8 Kxd8 35. dxc6 Kc7 36. Kf4 Kxc6 37. Ke5 Bb1 38. a3 a5 39. Bd5+ Kc5 40.
b4+ axb4 41. cxb4+ Kb6 42. Be6 Bd3 43. Bxf5 Be2 44. Kd4 Bf3 45. Bd3 Bg4 46. Kc3
Be6 47. Bc2 Bd7 48. Bb3 Bc6 49. Kd4 Bf3 50. Bd5 Bd1 51. Ke5 Be2 52. Kd6 Bd3 53.
Bc6 Bc2 54. Be8 Bb3 55. Bh5 Bc2 56. Be2 Bg6 57. Bd1 Bd3 58. Kd5 Bg6 59. Be2 Bf5
60. Bxb5 Kxb5 61. a4+ 1/2-1/2

[Event "Druzynowe Mistrzostwa Polski - II liga"]
[Site "Dom Wczasowy VIS Jastrzebia Gora"]
[Date "1899-12-30"]
[Round "5.126"]
[White "Buchta, Agnieszka"]
[Black "Krysztopa-czuprynska, Barbara"]
[Result "0-1"]
[WhiteTitle "k"]
[BlackTitle "I"]
[WhiteElo "1893"]
[BlackElo "1636"]

1. e4 d5 2. exd5 Nf6 3. d4 Bg4 4. Nf3 Qxd5 5. Be2 Nc6 6. O-O e6 7. Be3 Be7 8. h3
Bh5 9. c4 Qd8 10. Nc3 O-O 11. Qd2 Bg6 12. Rad1 Ne4 13. Nxe4 Bxe4 14. a3 Bf6 15.
b4 Ne7 16. g4 Ng6 17. Ng5 Bc6 18. b5 Bd7 19. Ne4 Be7 20. Nc5 Bc8 21. Bf3 Rb8 22.
Qa5 a6 23. bxa6 bxa6 24. Nxa6 Bxa6 25. Qxa6 Bg5 26. Bxg5 Qxg5 27. Qc6 Rb3 28.
a4 Nf4 29. Bg2 Nxh3+ 30. Bxh3 Rxh3 31. Qg2 Qh4 32. a5 f5 33. g5 f4 34. f3 Rg3
35. Rf2 Qxg5 36. d5 exd5 37. Rxd5 Qf6 38. Kh2 Rxg2+ 39. Rxg2 Qh4+ 40. Kg1 Re8
41. Rd1 Re1+ 42. Rxe1 Qxe1+ 43. Kh2 Qxa5 44. Rc2 Qh5+ 45. Kg2 Qg6+ 46. Kf2 Qxc2+
0-1

[Event "Druzynowe Mistrzostwa Polski - II liga"]
[Site "Dom Wczasowy VIS Jastrzebia Gora"]
[Date "1899-12-30"]
[Round "5.127"]
[White "Dzhuguryan, Tygran"]
[Black "Gierulski, Kamil"]
[Result "1/2-1/2"]
[WhiteTitle "k+"]
[BlackTitle "k++"]
[WhiteElo "2177"]
[BlackElo "2247"]

1. d4 d5 2. Nf3 Nf6 3. c4 e6 4. cxd5 exd5 5. Nc3 Bb4 6. Qa4+ Nc6 7. Bf4 O-O 8.
a3 Bxc3+ 9. bxc3 Ne4 10. Rc1 Re8 11. h3 Qf6 12. Be5 Qh6 13. e3 f6 14. Qb5 Kh8
15. Bf4 Qxf4 16. exf4 Nxc3+ 17. Kd2 Nxb5 18. Bxb5 Bd7 19. Rc5 a6 20. Ba4 Nxd4
21. Nxd4 Bxa4 22. Rxc7 Re4 23. Kc3 h5 24. Rb1 b5 25. f5 Rae8 26. Kd3 R8e7 27.
Rbc1 Kh7 28. Ne6 Rxc7 29. Rxc7 Kh6 30. Rc8 Kh7 31. Nf8+ Kh6 32. Ne6 Kh7 33. Nf8+
1/2-1/2

[Event "Druzynowe Mistrzostwa Polski - II liga"]
[Site "Dom Wczasowy VIS Jastrzebia Gora"]
[Date "1899-12-30"]
[Round "5.128"]
[White "Babiarz, Arkadiusz"]
[Black "Korbal, Arkadiusz"]
[Result "0-1"]
[WhiteTitle "I++"]
[BlackTitle "k++"]
[WhiteElo "1938"]
[BlackElo "2034"]

1. e4 e5 2. Nf3 Nc6 3. Bb5 a6 4. Ba4 Nf6 5. Qe2 Be7 6. c3 b5 7. Bc2 O-O 8. O-O
d6 9. Rd1 Re8 10. d3 Bb7 11. Nbd2 Bf8 12. Nf1 g6 13. h3 Bg7 14. N3h2 d5 15. Ng4
Nxg4 16. hxg4 Qd7 17. g5 Nd8 18. Ne3 Ne6 19. Nxd5 Bxd5 20. exd5 Qxd5 21. Qe4 Qxe4
22. dxe4 Bf8 23. Bb3 Nc5 24. Bd5 Rad8 25. Be3 Na4 26. Rd2 Rd6 27. c4 c6 28. c5
cxd5 29. cxd6 d4 30. Bxd4 exd4 31. Rxd4 Bg7 32. e5 Nxb2 33. f4 Nc4 34. Rb1 Rd8
35. Rd5 h6 36. gxh6 Bxh6 37. g3 g5 38. fxg5 Bxg5 39. Re1 Bd2 40. e6 fxe6 41. Rxe6
Kf7 42. Re7+ Kf6 43. Re2 Bb4 44. d7 Nb6 45. Rh5 Rxd7 46. Kg2 Bd2 47. g4 Nc4 48.
Rc5 Rd4 49. Kg3 Nd6 50. Kh4 Ne4 51. Rc6+ Ke5 52. Rxa6 Kd5 53. Rg2 Bg5+ 54. Kh5
Rd3 55. Ra5 Kc4 56. a4 Rd6 0-1

[Event "Druzynowe Mistrzostwa Polski - II liga"]
[Site "Dom Wczasowy VIS Jastrzebia Gora"]
[Date "1899-12-30"]
[Round "5.129"]
[White "Jaworski, Maciej"]
[Black "Ziemniak, Piotr"]
[Result "1/2-1/2"]
[WhiteTitle "k+"]
[BlackTitle "I+"]
[WhiteElo "2086"]
[BlackElo "1816"]

1. d4 d6 2. c4 e5 3. Nf3 Nd7 4. Nc3 Be7 5. e4 Ngf6 6. g3 exd4 7. Nxd4 Ne5 8. h3
Bd7 9. f4 Nc6 10. Nc2 O-O 11. Bg2 Re8 12. O-O Bf8 13. Be3 h6 14. Qd2 Qc8 15. Kh2
a6 16. Qd3 Nb8 17. b4 Nh7 18. g4 Be7 19. Rad1 Bf6 20. Nd5 Bc6 21. Nd4 b5 22. Nxc6
Nxc6 23. cxb5 axb5 24. Qxb5 Ne7 25. Nxf6+ Nxf6 26. Rd2 Ng6 27. e5 Rb8 28. Qc4
dxe5 29. f5 Nf8 30. Bc6 Rd8 31. Rfd1 Rxd2+ 32. Rxd2 N8d7 33. Qd3 Nb6 34. a4 e4
35. Qd4 Qf8 36. a5 Nc8 37. b5 Nd6 38. Qa4 Qe7 39. a6 Qe5+ 40. Kg2 Nh5 41. gxh5
Nxf5 42. Qxe4 Qg3+ 43. Kf1 Qxh3+ 44. Ke1 Nxe3 45. Qf3 Qh4+ 46. Ke2 Nc4 47. Rd5
Qh2+ 48. Kd1 Qg1+ 49. Kc2 Qa1 50. Qc3 Qa2+ 51. Kd3 Nb6 52. Rd4 Qb1+ 53. Ke2 Qa2+
54. Qd2 Qe6+ 55. Kd1 Qb3+ 56. Qc2 Qa3 57. Kd2 Qh3 58. Qc5 Qh2+ 59. Kc3 Qg3+ 60.
Kb4 Qf2 61. Qc3 Qa2 62. Qb3 Qf2 63. Re4 Qd2+ 64. Ka3 Qc1+ 65. Ka2 Qd2+ 66. Ka3
Qc1+ 67. Ka2 Qd2+ 1/2-1/2

[Event "Druzynowe Mistrzostwa Polski - II liga"]
[Site "Dom Wczasowy VIS Jastrzebia Gora"]
[Date "1899-12-30"]
[Round "5.130"]
[White "Wasik, Roman"]
[Black "Matul, Sebastian"]
[Result "0-1"]
[WhiteTitle "I"]
[BlackTitle "I"]
[WhiteElo "1387"]
[BlackElo "1773"]

1. Nf3 Nf6 2. c4 g6 3. d4 Bg7 4. Nc3 O-O 5. e4 d6 6. Be2 Nbd7 7. O-O e5 8. Ne1
exd4 9. Qxd4 Re8 10. Bg5 h6 11. Bxf6 Nxf6 12. Qd3 Bd7 13. Rd1 Bc6 14. Bf3 Nd7
15. Qc2 Ne5 16. Nd5 Nxf3+ 17. Nxf3 Bd7 18. h3 b6 19. Rfe1 Qc8 20. Kh2 Qb7 21.
Kg1 Rad8 22. Nh4 c6 23. Nc3 Be6 24. b3 Qe7 25. Nf3 Qf6 26. Ne2 Bxh3 27. Ng3 Bg4
28. Rd3 h5 29. e5 dxe5 30. Ne4 Qe7 31. Red1 Bf5 32. Qe2 Rxd3 33. Qxd3 Bg4 34.
Qd6 Qxd6 35. Rxd6 Rc8 36. Nfg5 Bf8 37. Rf6 Rc7 38. f3 Bf5 39. Ng3 Be7 40. Rxf7
Bc5+ 41. Kh2 Rxf7 0-1

[Event "Druzynowe Mistrzostwa Polski - II liga"]
[Site "Dom Wczasowy VIS Jastrzebia Gora"]
[Date "1899-12-30"]
[Round "5.131"]
[White "Derejczyk, Mateusz"]
[Black "Wozniak, Grzegorz"]
[Result "0-1"]
[WhiteTitle "II+"]
[BlackTitle "I"]
[WhiteElo "1597"]
[BlackElo "1579"]

1. e4 c5 2. Nf3 Nc6 3. d4 cxd4 4. Nxd4 g6 5. Nc3 Bg7 6. Be3 d6 7. Bc4 Nf6 8. f3
O-O 9. Qd2 Bd7 10. O-O-O Qa5 11. Kb1 Rfc8 12. Bb3 Ne5 13. Bg5 Nc4 14. Bxc4 Rxc4
15. Nb3 Qa6 16. e5 Ne8 17. Bxe7 Bxe5 18. Ne4 Bf5 19. Rhe1 Rac8 20. c3 Ra4 21.
Nc1 Qb6 22. Ka1 Bxe4 23. Rxe4 Rxe4 24. fxe4 Qc6 25. Nd3 Bg7 26. Qf4 Qc4 27. Bh4
Qe6 28. Nb4 Rc4 29. Re1 Be5 30. Qe3 b6 31. h3 Nc7 32. Qd3 a5 33. Nd5 b5 34. Bf2
Nxd5 35. Qxd5 Qxd5 36. exd5 f5 37. Re3 b4 38. Be1 f4 39. Re2 bxc3 40. Bxc3 Bxc3
41. bxc3 Rxc3 42. Re4 g5 43. h4 h6 44. hxg5 hxg5 45. Kb2 Rd3 46. Kc2 Rxd5 47.
Re7 Re5 48. Rd7 Re2+ 49. Kd3 Rxa2 50. Rxd6 Rxg2 51. Ke4 Kf7 52. Ra6 Ra2 53. Kf3
Ra3+ 54. Ke4 Ra2 55. Kf3 a4 56. Kg4 Rg2+ 57. Kf3 Rg3+ 58. Ke4 a3 59. Kf5 Ke7 0-1

[Event "Druzynowe Mistrzostwa Polski - II liga"]
[Site "Dom Wczasowy VIS Jastrzebia Gora"]
[Date "1899-12-30"]
[Round "5.132"]
[White "Tokarz, Izabela"]
[Black "Zalucka, Emilia"]
[Result "1-0"]
[WhiteTitle "I++"]
[BlackTitle "I++"]
[WhiteElo "1821"]
[BlackElo "1541"]

1. d4 Nf6 2. c4 e6 3. Nc3 Bb4 4. e3 O-O 5. a3 Bxc3+ 6. bxc3 d5 7. f3 Nh5 8. Nh3
f5 9. cxd5 exd5 10. Bd3 Qe8 11. O-O Kh8 12. Ra2 b6 13. Re2 c6 14. Nf2 Ba6 15.
e4 Bxd3 16. Nxd3 fxe4 17. fxe4 Rxf1+ 18. Qxf1 Nd7 19. exd5 Qg6 20. dxc6 Qxc6 21.
Qf5 Nhf6 22. Bd2 Qa4 23. Ne5 Rf8 24. Re1 Nxe5 25. dxe5 Nd7 26. Qe6 Qb5 27. h3
Nc5 28. Qd6 Qe8 29. Bg5 Nb7 30. Qc7 Qc8 31. Qxc8 Rxc8 32. e6 Nc5 33. e7 Re8 34.
Rd1 Kg8 35. Be3 Rxe7 36. Bxc5 bxc5 37. Rd5 Rc7 38. Kf2 Kf7 39. Ke3 Ke6 40. Rh5
g6 41. Rg5 Rc6 42. a4 Ra6 43. Rg4 Kd5 44. Kd3 Ke5 45. Kc2 Kd5 46. Rf4 Ke5 47.
g3 h6 48. Rc4 Kd5 49. Kd3 Rf6 50. Rf4 Ra6 51. g4 Ke5 52. Re4+ Kd5 53. h4 Kd6 54.
Rf4 Ke5 55. Ke3 Kd5 56. h5 Re6+ 57. Kd3 g5 58. Rf7 a6 59. Rd7+ Kc6 60. Rg7 Kd5
61. Rc7 Kd6 62. Rb7 Ke5 63. a5 Rc6 64. Kc4 Kd6 65. Kd3 Ke5 66. Ke3 Kd5 67. Rg7
Re6+ 68. Kd3 c4+ 69. Kd2 Ke5 70. Rg8 Rd6+ 71. Ke2 Re6 72. Ke3 Kd5+ 73. Kf3 Rf6+
74. Kg3 Ke4 75. Rg6 Rf3+ 76. Kg2 Rxc3 77. Rxh6 Rc2+ 78. Kg3 Rc3+ 79. Kf2 Kf4 80.
Rxa6 Kxg4 81. h6 Rh3 82. Rc6 c3 83. Ke2 Kf5 84. a6 Ke4 85. a7 Rh2+ 86. Kd1 Kd3
87. Rd6+ Ke3 88. a8=Q 1-0